[Event "Gibraltar Amateur op-A"]
[Site "Caleta"]
[Date "2018.01.23"]
[Round "2"]
[White "Pena, Helio Adelino Silva"]
[Black "Jenssveen, Trym"]
[Result "1-0"]
[WhiteElo "1894"]
[BlackElo "1772"]
[PlyCount "59"]
[EventDate "2018.01.22"]
[EventType "swiss"]
[EventRounds "5"]
[EventCountry "GGB"]
[SourceTitle "EXT 2019"]
[Source "ChessBase"]
[SourceDate "2018.10.10"]
[SourceVersion "1"]
[SourceVersionDate "2018.10.10"]
[SourceQuality "1"]

1. e4 c5 2. Nf3 d6 3. d4 cxd4 4. Nxd4 Nf6 5. Nc3 a6 6. Be2 e5 7. Nb3 Be7 8. 0-0 0-0 9. Bg5 Be6 10. Bxf6 Bxf6 11. Nd5 Bxd5 12. Qxd5 Nc6 13. c3 Qc7 14. Rad1 Rfd8 15. Qd3 Rac8 16. Qg3 a5 17. Rd3 Qe7 18. Rfd1 b5 19. Nd2 a4 20. Nf1 Qc7 21. Ne3 Be7 22. Nd5 Qb7 23. Qg4 Bf8 24. Nf6+ Kh8 25. Nxh7 Kxh7 26. Qh5+ Kg8 27. Rh3 f6 28. Bg4 Re8 29. Bf5 g5 30. Qh8+ 1-0

[Event "Marianske Lazne op 16th"]
[Site "Marianske Lazne"]
[Date "2017.01.24"]
[Round "5"]
[White "Jenssveen, Trym"]
[Black "Ananya, Rishi Gupta"]
[Result "0-1"]
[WhiteElo "1903"]
[BlackElo "1655"]
[PlyCount "52"]
[EventDate "2017.01.21"]
[EventType "swiss"]
[EventRounds "9"]
[EventCountry "CZE"]
[SourceTitle "CBM 176 Extra"]
[Source "ChessBase"]
[SourceDate "2017.03.02"]
[SourceVersion "1"]
[SourceVersionDate "2017.03.02"]
[SourceQuality "1"]

1. e4 e5 2. Nf3 Nc6 3. Nc3 Nf6 4. g3 Bc5 5. Bg2 d6 6. 0-0 0-0 7. d3 h6 8. Na4 Bb6 9. Nxb6 axb6 10. h3 Be6 11. Kh2 d5 12. Nd2 dxe4 13. dxe4 Bxa2 14. b3 Qd4 15. Qe2 Qxa1 16. Ba3 Qc3 17. Bxf8 Rxf8 18. Nc4 Nd4 19. Qe3 Qxc2 20. Rc1 Qxb3 21. Rc3 Qb5 22. Na3 Qd7 23. f4 Qd6 24. f5 b5 25. Rd3 Qc5 26. Rc3 Qe7 0-1

[Event "Stjernen Autumn"]
[Site "Oslo"]
[Date "2010.10.19"]
[Round "6"]
[White "Jenssveen, Trym"]
[Black "Kostadinov, Kaloyan"]
[Result "0-1"]
[WhiteElo "1687"]
[BlackElo "2024"]
[PlyCount "36"]
[EventDate "2010.09.07"]
[EventType "swiss"]
[EventRounds "9"]
[EventCountry "NOR"]
[SourceTitle "EXT 2024"]
[Source "ChessBase"]
[SourceDate "2023.10.10"]
[SourceVersion "1"]
[SourceVersionDate "2023.10.10"]
[SourceQuality "1"]

1. e4 c5 2. Nf3 d6 3. d4 cxd4 4. Nxd4 Nf6 5. Nc3 a6 6. Be2 e5 7. Nb3 Be6 8. 0-0 Nbd7 9. Kh1 Be7 10. f4 exf4 11. Bxf4 Ne5 12. Nd4 Qd7 13. Qe1 Rc8 14. Rd1 0-0 15. Qg3 Ng6 16. Bxd6 Bxd6 17. Nxe6 Bxg3 18. Rxd7 fxe6 0-1

[Event "Stjernen Autumn"]
[Site "Oslo"]
[Date "2010.09.14"]
[Round "2"]
[White "Wasshaug, Espen"]
[Black "Jenssveen, Trym"]
[Result "0-1"]
[WhiteElo "1646"]
[BlackElo "1687"]
[PlyCount "68"]
[EventDate "2010.09.07"]
[EventType "swiss"]
[EventRounds "9"]
[EventCountry "NOR"]
[SourceTitle "EXT 2024"]
[Source "ChessBase"]
[SourceDate "2023.10.10"]
[SourceVersion "1"]
[SourceVersionDate "2023.10.10"]
[SourceQuality "1"]

1. d4 d5 2. c4 e6 3. Nc3 Be7 4. Nf3 Nf6 5. Bg5 0-0 6. e3 Nbd7 7. cxd5 exd5 8. Be2 c6 9. 0-0 Ne4 10. Bxe7 Qxe7 11. Nxe4 dxe4 12. Nd2 f5 13. Rb1 Nf6 14. b4 Be6 15. a4 Nd5 16. Bc4 b5 17. Bxd5 cxd5 18. a5 Qg5 19. Qb3 Rae8 20. f4 exf3 21. Nxf3 Qh6 22. Ne5 f4 23. Rf3 Rf6 24. Nd7 Bxd7 25. Qxd5+ Be6 26. Qxb5 Ref8 27. e4 Bg4 28. Rf2 f3 29. g3 Qe3 30. e5 Rh6 31. Qc4+ Be6 32. Qc5 Rxh2 33. d5 Rg2+ 34. Kf1 Rxf2+ 0-1

[Event "Stjernen Autumn"]
[Site "Oslo"]
[Date "2009.11.10"]
[Round "8"]
[White "Haanshuus, Aslak"]
[Black "Jenssveen, Trym"]
[Result "1-0"]
[WhiteElo "1723"]
[BlackElo "1696"]
[PlyCount "61"]
[EventDate "2009.09.01"]
[EventType "swiss"]
[EventRounds "9"]
[EventCountry "NOR"]
[SourceTitle "EXT 2024"]
[Source "ChessBase"]
[SourceDate "2023.10.10"]
[SourceVersion "1"]
[SourceVersionDate "2023.10.10"]
[SourceQuality "1"]

1. d4 d5 2. Nf3 Nf6 3. e3 Bg4 4. c4 c6 5. Qb3 Qb6 6. Ne5 Qxb3 7. axb3 Bh5 8. c5 Nfd7 9. f4 f6 10. Nxd7 Nxd7 11. b4 e5 12. b5 Nb8 13. b4 exf4 14. exf4 f5 15. Bd3 Bg6 16. 0-0 Be7 17. Nd2 Kd7 18. Nf3 cxb5 19. Bxb5+ Nc6 20. Ne5+ Kc7 21. Bxc6 bxc6 22. Ra6 Be8 23. Bd2 Bf6 24. Rfa1 Kb7 25. b5 cxb5 26. c6+ Kb8 27. Rb1 Kc8 28. Rxb5 Bxe5 29. fxe5 Bf7 30. Rb7 Rf8 31. Bb4 1-0

[Event "NOR-chT Clubs"]
[Site "Oslo"]
[Date "2008.05.03"]
[Round "4"]
[White "Thingstad, Even"]
[Black "Jenssveen, Trym"]
[Result "1-0"]
[WhiteElo "1973"]
[BlackElo "1667"]
[PlyCount "47"]
[EventDate "2008.05.01"]
[EventType "team-swiss"]
[EventRounds "6"]
[EventCountry "NOR"]
[SourceTitle "EXT 2010"]
[Source "ChessBase"]
[SourceDate "2010.11.25"]
[SourceVersion "1"]
[SourceVersionDate "2010.11.25"]
[SourceQuality "1"]

1. d4 d5 2. c4 e6 3. Nf3 Nf6 4. Nc3 Nbd7 5. Bg5 Be7 6. e3 0-0 7. Rc1 c6 8. Bd3 Re8 9. 0-0 Nf8 10. Qc2 Ng6 11. Rfe1 dxc4 12. Bxc4 h6 13. Bxf6 Bxf6 14. b4 a6 15. Red1 Qb6 16. Qb3 Re7 17. Ne4 e5 18. Nxf6+ gxf6 19. dxe5 fxe5 20. Rd6 Bf5 21. Rf6 Be4 22. Nd2 Bd5 23. Bxd5 Rd8 24. Bxf7+ 1-0

[Event "Sandefjord op"]
[Site "Sandefjord"]
[Date "2002.10.13"]
[Round "4"]
[White "Jenssveen, Trym"]
[Black "Karlsen, Jan M"]
[Result "0-1"]
[WhiteElo "876"]
[BlackElo "1205"]
[PlyCount "46"]
[EventDate "2002.10.??"]
[EventType "swiss"]
[EventRounds "5"]
[EventCountry "NOR"]
[SourceTitle "EXT 2005"]
[Source "ChessBase"]
[SourceDate "2004.11.15"]
[SourceVersion "1"]
[SourceVersionDate "2004.11.15"]
[SourceQuality "1"]

1. e4 e6 2. d4 a6 3. Nf3 b5 4. c3 Bb7 5. Nbd2 c5 6. Be2 Nf6 7. Qc2 Qb6 8. a3 Nc6 9. e5 Nd5 10. Nb3 cxd4 11. cxd4 Rc8 12. 0-0 Nxd4 13. Qd3 Nxe2+ 14. Qxe2 Be7 15. Bd2 0-0 16. Ba5 Qa7 17. Nfd4 Nf4 18. Qe3 Nxg2 19. Qg3 Nh4 20. f3 Nf5 21. Qg4 Rc4 22. Bd2 Rxd4 23. Qg2 Rxd2+ 0-1